[Event "V4 Liptov 2017"]
[Site "?"]
[Date "2017.06.25"]
[Round "8.1"]
[White "Ochmyt, Jakub"]
[Black "Kulesza, Andrzej"]
[Result "1/2-1/2"]
[BlackElo "1670"]
[WhiteElo "1711"]
[LiveChessVersion "1.4.8"]

1. d4 {[%clk 1:00:52]} Nf6 {[%clk 1:00:36]} 2. Bg5 {[%clk 1:01:08]} Ne4
{[%clk 0:59:42]} 3. h4 {[%clk 1:01:36]} Nxg5 {[%clk 0:58:27]} 4. hxg5
{[%clk 1:02:05]} e6 {[%clk 0:57:57]} 5. Nf3 {[%clk 1:01:40]} c5 {[%clk 0:57:57]}
6. d5 {[%clk 0:59:49]} d6 {[%clk 0:57:43]} 7. Nc3 {[%clk 0:58:35]} Be7
{[%clk 0:56:52]} 8. Qd2 {[%clk 0:57:45]} Na6 {[%clk 0:56:07]} 9. e4
{[%clk 0:56:39]} Nc7 {[%clk 0:56:24]} 10. Nb5 {[%clk 0:50:29]} a6
{[%clk 0:55:42]} 11. Nxc7+ {[%clk 0:50:11]} Qxc7 {[%clk 0:56:10]} 12. Bd3
{[%clk 0:46:50]} e5 {[%clk 0:56:00]} 13. c4 {[%clk 0:46:06]} Qd8 {[%clk 0:51:44]}
14. O-O-O {[%clk 0:42:03]} Bg4 {[%clk 0:51:51]} 15. Rdg1 {[%clk 0:41:47]} Rc8
{[%clk 0:48:35]} 16. Kb1 {[%clk 0:40:14]} b5 {[%clk 0:43:39]} 17. b3
{[%clk 0:35:49]} b4 {[%clk 0:43:45]} 18. Bc2 {[%clk 0:33:46]} a5 {[%clk 0:42:44]}
19. Qe3 {[%clk 0:32:10]} Ra8 {[%clk 0:42:40]} 20. Kb2 {[%clk 0:30:46]} Bd7
{[%clk 0:39:03]} 21. Bd3 {[%clk 0:27:14]} a4 {[%clk 0:38:55]} 22. Ra1
{[%clk 0:27:25]} Bg4 {[%clk 0:38:35]} 23. Rhg1 {[%clk 0:27:29]} axb3
{[%clk 0:36:58]} 24. axb3 {[%clk 0:27:46]} Rxa1 {[%clk 0:37:23]} 25. Kxa1
{[%clk 0:27:10]} Qa5+ {[%clk 0:37:46]} 26. Kb1 {[%clk 0:27:10]} O-O
{[%clk 0:37:35]} 27. Qc1 {[%clk 0:26:56]} Ra8 {[%clk 0:37:44]} 28. Qb2
{[%clk 0:26:53]} Bxf3 {[%clk 0:36:46]} 29. gxf3 {[%clk 0:27:21]} Qa3
{[%clk 0:37:09]} 30. Bf1 {[%clk 0:25:25]} g6 {[%clk 0:37:06]} 31. Bh3
{[%clk 0:25:27]} Kg7 {[%clk 0:37:10]} 32. Qxa3 {[%clk 0:23:06]} Rxa3
{[%clk 0:36:58]} 33. Kb2 {[%clk 0:23:15]} h6 {[%clk 0:37:18]} 34. gxh6+
{[%clk 0:22:41]} Kxh6 {[%clk 0:37:41]} 35. Bd7 {[%clk 0:22:55]} Ra7
{[%clk 0:36:55]} 36. Ba4 {[%clk 0:22:09]} Bg5 {[%clk 0:36:51]} 37. Rh1+
{[%clk 0:22:14]} Kg7 {[%clk 0:37:17]} 38. Kc2 {[%clk 0:22:33]} Ra8
{[%clk 0:37:11]} 39. Kd3 {[%clk 0:22:50]} Rh8 {[%clk 0:37:33]} 40. Rxh8
{[%clk 0:22:57]} Kxh8 {[%clk 0:38:01]} 41. Bd7 {[%clk 0:22:45]} Bc1
{[%clk 0:38:21]} 42. Ke2 {[%clk 0:22:45]} Kg7 {[%clk 0:38:42]} 43. Bc8
{[%clk 0:22:54]} Kh6 {[%clk 0:38:54]} 44. Bd7 {[%clk 0:23:04]} Kg5
{[%clk 0:39:16]} 45. Bc8 {[%clk 0:22:53]} Bb2 {[%clk 0:39:11]} 46. Bd7
{[%clk 0:21:26]} Bd4 {[%clk 0:39:25]} 47. Bc8 {[%clk 0:20:58]} f5
{[%clk 0:39:48]} 48. Bd7 {[%clk 0:20:30]} Kf4 {[%clk 0:40:11]} 49. Be8
{[%clk 0:18:41]} g5 50. exf5 {[%clk 0:16:23]} Kxf5 {[%clk 0:39:30]} 51. Bd7+
{[%clk 0:16:50]} Kf4 {[%clk 0:39:54]} 52. Be6 {[%clk 0:17:00]} e4
{[%clk 0:40:13]} 53. fxe4 {[%clk 0:16:54]} Kxe4 {[%clk 0:40:41]} 54. f3+
{[%clk 0:17:10]} Kf4 {[%clk 0:41:07]} 55. Bd7 {[%clk 0:17:12]} Bf6
{[%clk 0:41:23]} 56. Be8 {[%clk 0:16:50]} Bb2 {[%clk 0:41:31]} 57. Bd7
{[%clk 0:17:14]} Ke5 {[%clk 0:41:56]} 58. Kf2 {[%clk 0:17:29]} Kd4
{[%clk 0:42:20]} 59. Kg3 {[%clk 0:17:47]} Kc3 {[%clk 0:42:42]} 60. Ba4
{[%clk 0:18:15]} Bc1 {[%clk 0:43:06]} 1/2-1/2

[Event "V4 Liptov 2017"]
[Site "?"]
[Date "2017.06.25"]
[Round "8.2"]
[White "Sobelga, Lukasz"]
[Black "Szotkowski, David"]
[Result "1/2-1/2"]
[BlackElo "1901"]
[WhiteElo "1459"]
[LiveChessVersion "1.4.8"]

1. e4 {[%clk 1:00:58]} c5 {[%clk 1:00:52]} 2. Nf3 {[%clk 1:01:22]} d6
{[%clk 1:01:17]} 3. Bb5+ {[%clk 1:01:48]} Bd7 {[%clk 1:00:51]} 4. Bxd7+
{[%clk 1:02:12]} Nxd7 {[%clk 1:00:54]} 5. c3 {[%clk 1:01:39]} Ngf6
{[%clk 1:00:41]} 6. d3 {[%clk 1:01:26]} g6 {[%clk 1:00:56]} 7. O-O
{[%clk 1:00:31]} Bg7 {[%clk 1:01:10]} 8. Nbd2 {[%clk 0:59:52]} O-O
{[%clk 1:00:44]} 9. Re1 {[%clk 0:59:10]} Qc7 {[%clk 0:59:16]} 10. Nf1
{[%clk 0:57:49]} b5 {[%clk 0:54:57]} 11. Bf4 {[%clk 0:57:03]} Nh5
{[%clk 0:54:42]} 12. Bg5 {[%clk 0:56:14]} Rfe8 {[%clk 0:49:15]} 13. Qd2
{[%clk 0:53:54]} Rab8 {[%clk 0:46:53]} 14. Bh6 {[%clk 0:53:12]} b4
{[%clk 0:46:17]} 15. Bxg7 {[%clk 0:53:12]} Nxg7 {[%clk 0:46:34]} 16. Ne3
{[%clk 0:51:51]} Nf6 {[%clk 0:44:54]} 17. Rec1 {[%clk 0:51:00]} Qb7
{[%clk 0:44:11]} 18. Qc2 {[%clk 0:45:46]} bxc3 {[%clk 0:42:08]} 19. bxc3
{[%clk 0:45:55]} Qb2 {[%clk 0:42:28]} 20. Qxb2 {[%clk 0:43:51]} Rxb2
{[%clk 0:42:53]} 21. Nc4 {[%clk 0:44:10]} Rb7 {[%clk 0:42:44]} 22. Rab1
{[%clk 0:43:46]} Reb8 {[%clk 0:42:28]} 23. Nfd2 {[%clk 0:43:32]} Ne6
{[%clk 0:41:58]} 24. g3 {[%clk 0:42:40]} d5 {[%clk 0:38:58]} 25. exd5
{[%clk 0:35:24]} Nxd5 {[%clk 0:39:20]} 26. Ne3 {[%clk 0:35:10]} Nb6
{[%clk 0:21:48]} 27. Ndc4 {[%clk 0:31:48]} Nxc4 {[%clk 0:20:24]} 28. Rxb7
{[%clk 0:32:06]} Rxb7 {[%clk 0:20:35]} 29. Nxc4 {[%clk 0:32:28]} Kg7
{[%clk 0:20:28]} 30. f3 {[%clk 0:27:22]} Kf6 {[%clk 0:18:45]} 31. Kf2
{[%clk 0:26:10]} h5 {[%clk 0:15:42]} 32. Rc2 {[%clk 0:23:42]} g5 {[%clk 0:14:55]}
33. Nd2 {[%clk 0:22:29]} Rb8 {[%clk 0:13:06]} 34. Ke3 {[%clk 0:20:50]} Ke5
{[%clk 0:12:40]} 35. Nb3 {[%clk 0:19:59]} Kd5 {[%clk 0:11:33]} 36. Rg2
{[%clk 0:16:25]} c4 {[%clk 0:10:52]} 37. Nc1 {[%clk 0:13:42]} f5 {[%clk 0:09:05]}
38. Rd2 {[%clk 0:11:42]} Nc5 {[%clk 0:06:22]} 39. dxc4+ {[%clk 0:10:27]} Kxc4
{[%clk 0:06:29]} 40. Ne2 {[%clk 0:10:37]} e5 {[%clk 0:06:18]} 41. f4
{[%clk 0:06:37]} Ne4 {[%clk 0:05:06]} 42. Rd7 {[%clk 0:06:28]} exf4+
{[%clk 0:03:37]} 43. gxf4 {[%clk 0:06:42]} a5 {[%clk 0:01:59]} 44. fxg5
{[%clk 0:05:13]} Re8 {[%clk 0:01:35]} 45. Kf4 {[%clk 0:04:23]} Nxg5
{[%clk 0:00:56]} 46. Rc7+ {[%clk 0:03:51]} Kd3 {[%clk 0:00:47]} 47. Nc1+
{[%clk 0:04:00]} Kc2 {[%clk 0:01:12]} 48. Kxg5 {[%clk 0:04:14]} Kxc1
{[%clk 0:01:37]} 49. Rc5 {[%clk 0:04:10]} a4 {[%clk 0:01:37]} 50. Ra5
{[%clk 0:04:19]} Re4 {[%clk 0:01:44]} 51. Kxf5 {[%clk 0:04:26]} Rh4
{[%clk 0:01:37]} 52. Kg5 {[%clk 0:04:34]} Rxh2 {[%clk 0:01:54]} 53. Rxa4
{[%clk 0:04:58]} Kb2 {[%clk 0:01:24]} 54. c4 {[%clk 0:04:56]} h4 {[%clk 0:01:29]}
55. c5 {[%clk 0:03:11]} Rc2 {[%clk 0:01:22]} 56. Kxh4 {[%clk 0:03:25]} 1/2-1/2

[Event "V4 Liptov 2017"]
[Site "?"]
[Date "2017.06.25"]
[Round "8.3"]
[White "Demko, Robert"]
[Black "Wasik, Mateusz"]
[Result "1-0"]
[BlackElo "1484"]
[WhiteElo "1730"]
[LiveChessVersion "1.4.8"]

1. d4 {[%clk 1:00:54]} Nf6 {[%clk 1:00:56]} 2. c4 {[%clk 1:01:16]} g6
{[%clk 1:01:23]} 3. Nc3 {[%clk 1:01:40]} d5 {[%clk 1:01:49]} 4. cxd5
{[%clk 1:01:58]} Nxd5 {[%clk 1:02:13]} 5. e4 {[%clk 1:02:20]} Nxc3
{[%clk 1:02:39]} 6. bxc3 {[%clk 1:02:46]} Bg7 {[%clk 1:03:03]} 7. Qa4+
{[%clk 1:02:50]} Bd7 {[%clk 1:03:25]} 8. Qb3 {[%clk 1:01:09]} c5 {[%clk 1:03:14]}
9. Nf3 {[%clk 0:59:44]} O-O {[%clk 1:01:43]} 10. Be2 {[%clk 0:58:54]} Qc7
{[%clk 1:01:52]} 11. O-O {[%clk 0:58:41]} Nc6 {[%clk 1:02:15]} 12. Be3
{[%clk 0:58:08]} Rfd8 {[%clk 1:01:25]} 13. Rac1 {[%clk 0:52:56]} Bg4
{[%clk 0:57:55]} 14. d5 {[%clk 0:50:26]} Ne5 {[%clk 0:57:19]} 15. Nxe5
{[%clk 0:49:34]} Bxe2 {[%clk 0:57:20]} 16. Nxf7 {[%clk 0:49:42]} c4
{[%clk 0:57:35]} 17. Qb2 {[%clk 0:50:05]} Bxf1 {[%clk 0:57:19]} 18. Nxd8
{[%clk 0:50:03]} Rxd8 {[%clk 0:57:02]} 19. Rxf1 {[%clk 0:50:14]} b6
{[%clk 0:55:36]} 20. g3 {[%clk 0:43:04]} Qd7 {[%clk 0:54:09]} 21. Bd4
{[%clk 0:39:44]} e6 {[%clk 0:49:01]} 22. Bxg7 {[%clk 0:39:16]} Kxg7
{[%clk 0:49:22]} 23. Rd1 {[%clk 0:39:10]} Qe7 {[%clk 0:49:14]} 24. Qd2
{[%clk 0:38:11]} exd5 {[%clk 0:45:52]} 25. exd5 {[%clk 0:35:05]} Qe4
{[%clk 0:41:55]} 26. Qe3 {[%clk 0:31:09]} Re8 {[%clk 0:39:21]} 27. d6
{[%clk 0:26:32]} Qxe3 {[%clk 0:39:09]} 28. fxe3 {[%clk 0:26:40]} Rd8
{[%clk 0:36:47]} 29. a4 {[%clk 0:22:56]} Kf6 {[%clk 0:30:10]} 30. Rd4
{[%clk 0:11:41]} a5 {[%clk 0:15:05]} 31. Kf2 {[%clk 0:07:42]} Ke6
{[%clk 0:12:12]} 32. Ke2 {[%clk 0:07:33]} Rxd6 {[%clk 0:09:35]} 33. Rxc4
{[%clk 0:07:41]} h5 {[%clk 0:09:32]} 34. Rd4 {[%clk 0:07:42]} Rc6
{[%clk 0:09:25]} 35. Kd3 {[%clk 0:07:59]} Ke5 {[%clk 0:07:47]} 36. c4
{[%clk 0:07:47]} Rf6 {[%clk 0:07:56]} 37. Re4+ {[%clk 0:07:22]} Kd6
{[%clk 0:08:07]} 38. Rf4 {[%clk 0:07:11]} Re6 {[%clk 0:07:45]} 39. Kd4
{[%clk 0:07:30]} Kc6 {[%clk 0:07:29]} 40. h4 {[%clk 0:05:13]} Rd6+
{[%clk 0:05:35]} 41. Kc3 {[%clk 0:03:20]} Re6 {[%clk 0:05:23]} 42. e4
{[%clk 0:02:10]} Kc5 {[%clk 0:05:31]} 43. g4 {[%clk 0:01:51]} Re5
{[%clk 0:03:12]} 44. gxh5 {[%clk 0:01:27]} Rxh5 {[%clk 0:03:31]} 45. Rg4
{[%clk 0:01:40]} Re5 {[%clk 0:00:49]} 46. Rg5 {[%clk 0:01:14]} Rxg5
{[%clk 0:00:46]} 47. hxg5 {[%clk 0:01:43]} Kd6 {[%clk 0:01:10]} 48. Kd4
{[%clk 0:02:02]} Ke6 {[%clk 0:01:12]} 49. e5 {[%clk 0:01:28]} Kf5
{[%clk 0:00:50]} 50. Kd5 {[%clk 0:01:51]} Kxg5 {[%clk 0:01:07]} 51. Kd6
{[%clk 0:02:00]} Kf5 {[%clk 0:00:55]} 52. e6 {[%clk 0:02:21]} 1-0

[Event "V4 Liptov 2017"]
[Site "?"]
[Date "2017.06.25"]
[Round "8.4"]
[White "Waszczuk, Patrycja"]
[Black "Gresova, Zuzana"]
[Result "1-0"]
[BlackElo "1859"]
[WhiteElo "1774"]
[LiveChessVersion "1.4.8"]

1. e4 {[%clk 1:00:59]} c5 {[%clk 1:00:55]} 2. Nf3 {[%clk 1:01:26]} d6
{[%clk 1:01:18]} 3. d4 {[%clk 1:01:53]} cxd4 {[%clk 1:01:44]} 4. Nxd4
{[%clk 1:02:21]} Nf6 {[%clk 1:02:00]} 5. Nc3 {[%clk 1:02:47]} a6 {[%clk 1:02:23]}
6. Bg5 {[%clk 1:03:14]} Nbd7 {[%clk 1:02:40]} 7. f4 {[%clk 1:00:39]} Qc7
{[%clk 1:02:36]} 8. Qf3 {[%clk 1:00:47]} h6 {[%clk 1:02:21]} 9. Bh4
{[%clk 1:00:59]} g5 {[%clk 1:02:26]} 10. fxg5 {[%clk 0:59:40]} hxg5
{[%clk 1:02:47]} 11. Bg3 {[%clk 0:58:26]} e5 {[%clk 0:57:45]} 12. Nf5
{[%clk 0:57:49]} b5 {[%clk 0:57:04]} 13. O-O-O {[%clk 0:55:15]} Bb7
{[%clk 0:51:57]} 14. Bxb5 {[%clk 0:47:33]} axb5 {[%clk 0:35:11]} 15. Nxb5
{[%clk 0:47:56]} Qxc2+ {[%clk 0:33:35]} 16. Kxc2 {[%clk 0:47:51]} Bxe4+
{[%clk 0:33:54]} 17. Kd2 {[%clk 0:43:29]} Bxf3 {[%clk 0:32:55]} 18. gxf3
{[%clk 0:42:55]} Rxa2 {[%clk 0:30:23]} 19. Nbxd6+ {[%clk 0:36:56]} Bxd6
{[%clk 0:30:03]} 20. Nxd6+ {[%clk 0:37:25]} Kf8 {[%clk 0:27:50]} 21. Kc3
{[%clk 0:36:24]} Kg7 {[%clk 0:24:29]} 22. Rhe1 {[%clk 0:29:34]} Rh3
{[%clk 0:13:19]} 23. Nc4 {[%clk 0:27:49]} e4 {[%clk 0:07:23]} 24. fxe4
{[%clk 0:27:25]} Nc5 {[%clk 0:07:34]} 25. Nd6 {[%clk 0:21:38]} Rh8
{[%clk 0:04:27]} 26. b4 {[%clk 0:19:18]} Ra3+ {[%clk 0:03:11]} 27. Kc4
{[%clk 0:19:25]} Na4 {[%clk 0:03:26]} 28. Be5 {[%clk 0:18:17]} Nb6+
{[%clk 0:01:17]} 29. Kb5 {[%clk 0:18:19]} Nbd7 {[%clk 0:01:06]} 30. Nf5+
{[%clk 0:18:26]} Kh7 {[%clk 0:00:44]} 31. Rxd7 {[%clk 0:17:59]} Nxd7
{[%clk 0:00:45]} 32. Bxh8 {[%clk 0:18:27]} Kxh8 {[%clk 0:01:04]} 33. Rd1
{[%clk 0:17:09]} Nf6 {[%clk 0:01:02]} 34. Nd6 {[%clk 0:16:37]} g4
{[%clk 0:00:35]} 35. Nxf7+ {[%clk 0:16:28]} Kg7 {[%clk 0:00:47]} 36. Nd6
{[%clk 0:16:44]} Re3 {[%clk 0:00:43]} 37. Nf5+ {[%clk 0:17:12]} 1-0

[Event "V4 Liptov 2017"]
[Site "?"]
[Date "2017.06.25"]
[Round "8.5"]
[White "Klementowski, Dawid"]
[Black "Hrebicik, David"]
[Result "1-0"]
[BlackElo "1775"]
[WhiteElo "1984"]
[LiveChessVersion "1.4.8"]

1. c4 {[%clk 1:00:53]} c5 {[%clk 1:00:49]} 2. g3 {[%clk 1:01:06]} g6
{[%clk 1:01:00]} 3. Bg2 {[%clk 1:01:29]} Bg7 {[%clk 1:01:25]} 4. Nc3
{[%clk 1:01:18]} Nc6 {[%clk 1:01:49]} 5. e3 {[%clk 1:00:57]} e6 {[%clk 1:01:32]}
6. Nge2 {[%clk 0:59:43]} Nge7 {[%clk 1:01:49]} 7. d4 {[%clk 0:48:50]} cxd4
{[%clk 1:01:45]} 8. exd4 {[%clk 0:48:46]} d5 {[%clk 1:01:31]} 9. cxd5
{[%clk 0:48:16]} Nxd5 {[%clk 1:01:49]} 10. Nxd5 {[%clk 0:47:54]} exd5
{[%clk 1:02:12]} 11. O-O {[%clk 0:46:48]} O-O {[%clk 1:02:10]} 12. Be3
{[%clk 0:46:49]} Bg4 {[%clk 0:57:22]} 13. Re1 {[%clk 0:46:41]} Bxe2
{[%clk 0:53:46]} 14. Rxe2 {[%clk 0:47:05]} Qd7 {[%clk 0:41:11]} 15. Rd2
{[%clk 0:46:01]} Rad8 {[%clk 0:37:17]} 16. Rc1 {[%clk 0:45:13]} Qf5
{[%clk 0:29:30]} 17. Rc5 {[%clk 0:42:39]} Rd7 {[%clk 0:27:48]} 18. Bf3
{[%clk 0:35:22]} Qe6 {[%clk 0:24:54]} 19. Qa4 {[%clk 0:32:49]} Rc8
{[%clk 0:12:11]} 20. Rdc2 {[%clk 0:31:57]} Rcd8 {[%clk 0:11:05]} 21. Kg2
{[%clk 0:31:34]} Qf5 {[%clk 0:09:01]} 22. a3 {[%clk 0:27:53]} h5 {[%clk 0:05:32]}
23. Rd2 {[%clk 0:26:59]} g5 {[%clk 0:04:05]} 24. h3 {[%clk 0:25:26]} g4
{[%clk 0:03:41]} 25. hxg4 {[%clk 0:24:01]} hxg4 {[%clk 0:04:05]} 26. Be2
{[%clk 0:24:16]} Rd6 {[%clk 0:02:31]} 27. Qd1 {[%clk 0:22:23]} Qe4+
{[%clk 0:02:15]} 28. Kg1 {[%clk 0:22:47]} f5 {[%clk 0:01:49]} 29. Bd3
{[%clk 0:21:33]} Qe6 {[%clk 0:01:56]} 30. Bf1 {[%clk 0:20:56]} Qf7
{[%clk 0:00:57]} 31. b4 {[%clk 0:19:49]} a6 {[%clk 0:00:53]} 32. Bg2
{[%clk 0:19:36]} Kh7 {[%clk 0:00:38]} 33. Qb3 {[%clk 0:19:14]} Qe6
{[%clk 0:00:37]} 34. Qb1 {[%clk 0:17:31]} Rh8 {[%clk 0:00:39]} 35. Rd1
{[%clk 0:16:31]} Kg6 {[%clk 0:00:33]} 36. a4 {[%clk 0:16:36]} b6 {[%clk 0:00:39]}
37. Rc3 {[%clk 0:16:32]} Kf7 {[%clk 0:00:53]} 38. b5 {[%clk 0:16:27]} axb5
{[%clk 0:00:58]} 39. axb5 {[%clk 0:16:48]} Na5 {[%clk 0:01:02]} 40. Bf4
{[%clk 0:16:49]} Rd7 {[%clk 0:00:55]} 41. Re1 {[%clk 0:16:44]} Qg6
{[%clk 0:00:57]} 42. Rc7 {[%clk 0:15:42]} Rxc7 {[%clk 0:00:54]} 43. Bxd5+
{[%clk 0:16:07]} Kf8 {[%clk 0:01:01]} 44. Qb4+ {[%clk 0:16:16]} Rc5
{[%clk 0:01:15]} 45. dxc5 {[%clk 0:16:41]} 1-0

[Event "V4 Liptov 2017"]
[Site "?"]
[Date "2017.06.25"]
[Round "8.6"]
[White "Bielik, Jakub"]
[Black "Cieslak, Wiktoria"]
[Result "1/2-1/2"]
[BlackElo "1991"]
[WhiteElo "1879"]
[LiveChessVersion "1.4.8"]

1. e4 {[%clk 1:00:56]} c5 {[%clk 1:00:57]} 2. Nf3 {[%clk 1:01:20]} d6
{[%clk 1:01:24]} 3. Bb5+ {[%clk 1:01:41]} Bd7 {[%clk 1:01:48]} 4. Bxd7+
{[%clk 1:02:05]} Qxd7 {[%clk 1:02:15]} 5. O-O {[%clk 1:02:22]} Nc6
{[%clk 1:02:30]} 6. c3 {[%clk 1:01:53]} Nf6 {[%clk 1:02:50]} 7. Re1
{[%clk 1:02:09]} e6 {[%clk 1:02:58]} 8. d4 {[%clk 1:02:02]} cxd4 {[%clk 1:03:19]}
9. cxd4 {[%clk 1:02:26]} d5 {[%clk 1:02:41]} 10. exd5 {[%clk 0:59:29]} Nxd5
{[%clk 1:02:58]} 11. Nc3 {[%clk 0:57:42]} Bb4 {[%clk 1:02:42]} 12. Bd2
{[%clk 0:57:08]} O-O {[%clk 1:01:56]} 13. Rc1 {[%clk 0:49:28]} Rac8
{[%clk 1:01:12]} 14. Ne5 {[%clk 0:45:07]} Nxe5 {[%clk 1:00:30]} 15. dxe5
{[%clk 0:45:27]} Bxc3 {[%clk 0:59:59]} 16. Bxc3 {[%clk 0:45:01]} Qe7
{[%clk 0:58:23]} 17. Qb3 {[%clk 0:44:16]} b6 {[%clk 0:57:46]} 18. Bd4
{[%clk 0:38:13]} Qg5 {[%clk 0:54:20]} 19. Rcd1 {[%clk 0:33:00]} Rc7
{[%clk 0:42:27]} 20. Be3 {[%clk 0:32:06]} Qf5 {[%clk 0:41:10]} 21. Qd3
{[%clk 0:31:41]} Qxd3 {[%clk 0:40:24]} 22. Rxd3 {[%clk 0:32:02]} Nb4
{[%clk 0:40:50]} 23. Rb3 {[%clk 0:24:10]} Nxa2 {[%clk 0:38:55]} 24. Ra1
{[%clk 0:24:33]} Rfc8 {[%clk 0:39:21]} 25. Ra3 {[%clk 0:24:28]} Nb4
{[%clk 0:37:56]} 26. Rxa7 {[%clk 0:24:41]} Rxa7 {[%clk 0:38:23]} 27. Rxa7
{[%clk 0:25:05]} Nd3 {[%clk 0:38:17]} 28. Rb7 {[%clk 0:23:31]} Nxb2
{[%clk 0:38:18]} 29. f4 {[%clk 0:22:52]} h6 {[%clk 0:37:51]} 30. Bxb6
{[%clk 0:21:50]} Nd3 {[%clk 0:36:18]} 31. g3 {[%clk 0:21:23]} Rc1+
{[%clk 0:35:56]} 32. Kg2 {[%clk 0:21:13]} Rc2+ {[%clk 0:36:03]} 33. Kh3
{[%clk 0:20:48]} Ne1 {[%clk 0:36:10]} 34. Rc7 {[%clk 0:18:40]} Rb2
{[%clk 0:34:59]} 35. Bg1 {[%clk 0:18:01]} Nf3 {[%clk 0:34:56]} 36. Rc1
{[%clk 0:18:17]} g5 {[%clk 0:34:57]} 37. Rf1 {[%clk 0:14:11]} Rb3
{[%clk 0:34:50]} 38. Kg4 {[%clk 0:13:03]} Nd2 {[%clk 0:34:27]} 39. Rd1
{[%clk 0:12:45]} Ne4 {[%clk 0:33:37]} 40. Rd4 {[%clk 0:11:03]} f5+
{[%clk 0:33:38]} 41. Kh5 {[%clk 0:07:39]} gxf4 {[%clk 0:33:43]} 42. Kg6
{[%clk 0:05:38]} Kf8 {[%clk 0:34:07]} 43. gxf4 {[%clk 0:05:38]} Rf3
{[%clk 0:34:22]} 44. Rd7 {[%clk 0:03:51]} Rxf4 {[%clk 0:33:35]} 45. Be3
{[%clk 0:02:01]} Rg4+ {[%clk 0:33:08]} 46. Kh5 {[%clk 0:01:40]} Rg2
{[%clk 0:32:37]} 47. Bf4 {[%clk 0:01:07]} Rf2 {[%clk 0:30:19]} 48. Bg3
{[%clk 0:00:49]} Nxg3+ {[%clk 0:16:48]} 49. hxg3 {[%clk 0:01:14]} Re2
{[%clk 0:17:14]} 50. Kg6 {[%clk 0:01:26]} Ke8 {[%clk 0:17:38]} 51. Rg7
{[%clk 0:01:08]} Rxe5 {[%clk 0:17:28]} 52. Kf6 {[%clk 0:01:29]} Re4
{[%clk 0:17:29]} 53. Re7+ {[%clk 0:01:35]} Kd8 {[%clk 0:17:54]} 54. Rxe6
{[%clk 0:01:40]} Kd7 {[%clk 0:17:29]} 55. Ra6 {[%clk 0:01:42]} Rg4
{[%clk 0:17:31]} 56. Ra3 {[%clk 0:01:47]} f4 {[%clk 0:17:49]} 57. Ra4
{[%clk 0:01:45]} Rxg3 {[%clk 0:18:14]} 58. Rxf4 {[%clk 0:02:08]} 1/2-1/2

[Event "V4 Liptov 2017"]
[Site "?"]
[Date "2017.06.25"]
[Round "8.7"]
[White "Galuszka, Tomasz"]
[Black "Tomcikova, Zuzana"]
[Result "1-0"]
[BlackElo "1736"]
[WhiteElo "1808"]
[LiveChessVersion "1.4.8"]

1. e4 {[%clk 1:00:59]} c6 {[%clk 1:00:54]} 2. d4 {[%clk 1:01:25]} d5
{[%clk 1:01:20]} 3. Nc3 {[%clk 1:01:52]} dxe4 {[%clk 1:01:37]} 4. Nxe4
{[%clk 1:02:19]} Bf5 {[%clk 1:01:57]} 5. Ng3 {[%clk 1:02:45]} Bg6
{[%clk 1:02:21]} 6. Nf3 {[%clk 1:03:12]} Nd7 {[%clk 1:02:13]} 7. h4
{[%clk 1:03:38]} h6 {[%clk 1:02:35]} 8. h5 {[%clk 1:04:05]} Bh7 {[%clk 1:02:58]}
9. Bd3 {[%clk 1:04:33]} Bxd3 {[%clk 1:03:18]} 10. Qxd3 {[%clk 1:04:56]} e6
{[%clk 1:03:20]} 11. Bd2 {[%clk 1:05:23]} Qc7 {[%clk 1:02:57]} 12. O-O-O
{[%clk 1:05:45]} O-O-O {[%clk 1:02:22]} 13. Kb1 {[%clk 1:05:23]} Ngf6
{[%clk 1:02:03]} 14. c4 {[%clk 1:03:11]} Nb6 {[%clk 0:58:22]} 15. Ba5
{[%clk 1:02:59]} c5 {[%clk 0:57:09]} 16. Ne4 {[%clk 0:51:37]} Nxe4
{[%clk 0:54:09]} 17. Qxe4 {[%clk 0:51:25]} Kb8 {[%clk 0:49:08]} 18. dxc5
{[%clk 0:47:37]} Bxc5 {[%clk 0:48:41]} 19. b4 {[%clk 0:44:53]} Rxd1+
{[%clk 0:35:39]} 20. Rxd1 {[%clk 0:45:12]} Bxf2 {[%clk 0:34:56]} 21. c5
{[%clk 0:45:06]} Qg3 {[%clk 0:26:36]} 22. cxb6 {[%clk 0:40:38]} axb6
{[%clk 0:26:50]} 23. Rd7 {[%clk 0:40:39]} 1-0

[Event "V4 Liptov 2017"]
[Site "?"]
[Date "2017.06.25"]
[Round "8.8"]
[White "Buco, Martin"]
[Black "Adamczyk, Zuzanna"]
[Result "1/2-1/2"]
[BlackElo "1753"]
[WhiteElo "1708"]
[LiveChessVersion "1.4.8"]

1. e4 {[%clk 1:00:08]} c5 {[%clk 1:00:41]} 2. Nc3 {[%clk 1:00:35]} e6
{[%clk 1:00:49]} 3. f4 {[%clk 1:00:54]} d5 {[%clk 1:00:51]} 4. Nf3
{[%clk 1:01:20]} dxe4 {[%clk 0:59:47]} 5. Nxe4 {[%clk 1:01:48]} Nc6
{[%clk 0:58:25]} 6. g3 {[%clk 1:00:21]} Be7 {[%clk 0:53:43]} 7. Bg2
{[%clk 0:59:57]} Nh6 {[%clk 0:52:15]} 8. b3 {[%clk 0:59:17]} O-O {[%clk 0:49:12]}
9. Bb2 {[%clk 0:59:28]} Qc7 {[%clk 0:47:58]} 10. O-O {[%clk 0:59:29]} b6
{[%clk 0:46:37]} 11. Qe2 {[%clk 0:36:20]} Bb7 {[%clk 0:45:19]} 12. d4
{[%clk 0:36:33]} cxd4 {[%clk 0:40:39]} 13. Nxd4 {[%clk 0:36:55]} Nxd4
{[%clk 0:39:56]} 14. Bxd4 {[%clk 0:37:21]} Rad8 {[%clk 0:34:57]} 15. Rfd1
{[%clk 0:34:58]} Qc8 {[%clk 0:31:35]} 16. c4 {[%clk 0:33:41]} Nf5
{[%clk 0:29:13]} 17. Bf2 {[%clk 0:33:52]} Nd6 {[%clk 0:28:30]} 18. Nxd6
{[%clk 0:27:20]} Bxd6 {[%clk 0:25:54]} 19. Bxb7 {[%clk 0:24:43]} Qxb7
{[%clk 0:26:15]} 20. Rd3 {[%clk 0:24:57]} Qc7 {[%clk 0:22:34]} 21. Rad1
{[%clk 0:14:10]} Be7 {[%clk 0:21:37]} 22. Bd4 {[%clk 0:14:17]} Bc5
{[%clk 0:14:14]} 23. Qf2 {[%clk 0:10:09]} Be7 {[%clk 0:09:18]} 24. Qe3
{[%clk 0:06:50]} Rfe8 {[%clk 0:06:41]} 25. h3 {[%clk 0:06:51]} Bd6
{[%clk 0:04:50]} 26. Qd2 {[%clk 0:04:47]} Bc5 {[%clk 0:03:58]} 27. Kh2
{[%clk 0:05:00]} Bxd4 {[%clk 0:03:17]} 28. Rxd4 {[%clk 0:05:23]} Rxd4
{[%clk 0:03:34]} 29. Qxd4 {[%clk 0:05:50]} h6 {[%clk 0:03:46]} 30. b4
{[%clk 0:03:13]} e5 {[%clk 0:02:41]} 31. Qe4 {[%clk 0:02:56]} Qe7
{[%clk 0:02:38]} 32. Qxe5 {[%clk 0:02:06]} Qxe5 {[%clk 0:02:56]} 33. fxe5
{[%clk 0:02:35]} Rxe5 {[%clk 0:03:25]} 34. Rd2 {[%clk 0:02:46]} Kf8
{[%clk 0:03:26]} 35. Kg2 {[%clk 0:03:11]} Ke7 {[%clk 0:03:19]} 36. Kf3
{[%clk 0:03:28]} g5 {[%clk 0:01:28]} 37. Rd4 {[%clk 0:01:52]} f5 {[%clk 0:01:31]}
38. Rd3 {[%clk 0:01:47]} 1/2-1/2